Library Banner

Book-keeping and accounts: (Record no. 14830)

MARC details
000 -LEADER
fixed length control field 00537nam a2200193Ia 4500
001 - CONTROL NUMBER
control field 14222
003 - CONTROL NUMBER IDENTIFIER
control field OSt
005 - DATE AND TIME OF LATEST TRANSACTION
control field 20200916114132.0
008 - FIXED-LENGTH DATA ELEMENTS--GENERAL INFORMATION
fixed length control field 140402s9999 xx 000 0 und d
040 ## - CATALOGING SOURCE
Transcribing agency PK-LaUMT
082 ## - DEWEY DECIMAL CLASSIFICATION NUMBER
Classification number 657.2
Item number AMJ-B
100 ## - MAIN ENTRY--PERSONAL NAME
Personal name Amjad Saeed, Khawaja
245 ## - TITLE STATEMENT
Title Book-keeping and accounts:
Remainder of title six years questions and solution.
Statement of responsibility, etc Amjad Saeed, Khawaja
260 ## - PUBLICATION, DISTRIBUTION, ETC. (IMPRINT)
Place of publication, distribution, etc Lahore,Pakistan:
Name of publisher, distributor, etc Institute of Business Management,
Date of publication, distribution, etc 1996
300 ## - PHYSICAL DESCRIPTION
Extent 206 p.
546 ## - LANGUAGE NOTE
Language note EN
650 ## - SUBJECT ADDED ENTRY--TOPICAL TERM
Topical term or geographic name as entry element Acounting
942 ## - ADDED ENTRY ELEMENTS (KOHA)
Koha item type Permanently weeded out collection
Source of classification or shelving scheme Dewey Decimal Classification
Holdings
Withdrawn status Lost status Source of classification or shelving scheme Damaged status Not for loan Home library Current library Date acquired Total Checkouts Full call number Barcode Date last seen Price effective from Koha item type
    Dewey Decimal Classification     UMT Main Campus UMT Main Campus 2014-04-02   657.2 AMJ-B 16357 2014-04-21 2014-04-21 Books
    Dewey Decimal Classification     UMT Main Campus UMT Main Campus 2014-06-16   657.2 AMJ-B 16358 2014-06-16 2014-06-16 Books